000 00469pab a2200181 454500
008 180718b2005 xxu||||| |||| 00| 0 eng d
100 _aLee, Cheot Sung
245 _aIncome inequality, democracy, and public sector size
260 _c2005
300 _ap.158-81.
362 _aFeb
650 _aPublic sector
650 _aPublic enterprises
650 _aDemocracy
650 _aIncome distribution
773 _aAmerican Sociological Review
909 _a66010
999 _c66010
_d66010